LEADER 02866oas 22010813 450 001 9910154517303321 005 20260307213014.0 011 $a2374-846X 035 $a(DE-599)ZDB2020062-6 035 $a(OCoLC)86222259 035 $a(CONSER) 2014203558 035 $a(CKB)954926962933 035 $a(EXLCZ)99954926962933 100 $a20070326b19771994 uy a 101 0 $aeng 135 $aur||||||||||| 181 $ctxt$2rdacontent 182 $cc$2rdamedia 183 $acr$2rdacarrier 200 04$aThe Journal of dermatologic surgery and oncology 210 1$a[New York, N.Y.] :$c[Journal of Dermatologic Surgery] 210 31$a[New York, N.Y.] :$c[Elsevier] 311 08$a0148-0812 531 0 $aJ. dermatol. surg. oncol. 606 $aSkin$xSurgery$vPeriodicals 606 $aSkin$xCancer$vPeriodicals 606 $aSkin Neoplasms 606 $aDermatology 606 $aDermatologic Surgical Procedures 606 $aDermatologic Surgical Procedures 606 $aPeau$xChirurgie$vPe?riodiques 606 $aPeau$xCancer$vPe?riodiques 606 $aDermatologie 606 $aSkin$xCancer$2fast$3(OCoLC)fst01120055 606 $aSkin$xSurgery$2fast$3(OCoLC)fst01120115 606 $aCirurgia oncològica$2thub 606 $aCirurgia dermatològica$2thub 606 $aDermatologia$2thub 606 $aCàncer de pell$2thub 608 $aPeriodical 608 $aperiodicals.$2aat 608 $aPeriodicals.$2fast 608 $aPeriodicals.$2lcgft 608 $aPe?riodiques.$2rvmgf 608 $aRevistes electròniques.$2thub 615 0$aSkin$xSurgery 615 0$aSkin$xCancer 615 2$aSkin Neoplasms 615 2$aDermatology 615 2$aDermatologic Surgical Procedures. 615 2$aDermatologic Surgical Procedures 615 6$aPeau$xChirurgie 615 6$aPeau$xCancer 615 6$aDermatologie. 615 7$aSkin$xCancer. 615 7$aSkin$xSurgery. 615 7$aCirurgia oncològica. 615 7$aCirurgia dermatològica. 615 7$aDermatologia. 615 7$aCàncer de pell. 676 $a617.477 676 $a617/.477 801 0$bOCLCS 801 1$bOCLCS 801 2$bOCLCS 801 2$bOCLCQ 801 2$bOCLCF 801 2$bOCLCO 801 2$bDLC 801 2$bOCLCE 801 2$bOCLCQ 801 2$bVT2 801 2$bOCLCO 801 2$bOCLCA 801 2$bBUF 801 2$bOCLCO 801 2$bREB 801 2$bOCLCO 801 2$bAU@ 801 2$bOCLCO 801 2$bOCLCA 801 2$bIBD 801 2$bOCLCQ 801 2$bOCLCO 801 2$bOCLCQ 801 2$bOCLCO 801 2$bOCLCL 801 2$bUAB 801 2$bSFB 906 $aJOURNAL 912 $a9910154517303321 996 $aJournal of dermatologic surgery and oncology$9793762 997 $aUNINA